01090nam a2200265Ia 450000500170000000800410001702000150005804100080007308200340008110000240011524500900013925000220022930000390025149000290029052001540031965000440047365000420051765000480055970000420060726400520064933600270070133700330072833800280076104000350078920220316235748.0121119s2002 ck a grf 000 0 spa  a95880619540 aspa04a613.0432 bV17v222 edición1 aVasco, Irened1952-10aVamos al médicobguía para padrescIrene Vasco ; ilustraciones, Esperanza Vallejo aPrimera edición a12 páginasbilustracionesc24 cm0 aPalabras que acompañan3 aEste libro hace parte de la colección palabras que acompañan. Esta colección de cartillas dirigidas a niños hospitalizados y a sus familias .14aPromoción de la saludvManuales2LEMB14aEducación sanitariavManuales2LEMB14aNiñosxCuidados e higienevManuales2LEMB1 aVallejo, Esperanzad1951-eilustrador aBogotábDistribuidora y Editora Aguilarc2002 atextobtxt2rdacontent asin mediaciónbn2rdamedia avolumenbnc2rdacarrier aCO-BoRNBPbspaerdacCO-BoRNBP